Science Quiz

Random Science or War Quiz
Score 0/15 Timer 06:00
0 Plays Today
Hint Answer % Correct
Sulfur PraseodymiumSaving Private Ryan
85.2%
Iodine BoronInglourious Basterds
38.9%
Phosphorus HydrogenPearl Harbour
38.9%
Tungsten HydrogenWar Horse
37%
DubniumDas Boot
33.3%
Cobalt FluorineChariots of Fire
24.1%
Boron Oxygen TerbiumBattle of the Bulge
24.1%
ArsenicAmerican Sniper
22.2%
Hint Answer % Correct
Potassium HydrogenKelly's Heroes
18.5%
Polonium TennessinePrisoners of the Sun
11.1%
Oxygen TerbiumOnly the Brave
11.1%
Hydrogen Iodine Fluorine HydrogenHell is for Heroes
11.1%
Carbon Hydrogen Nitrogen Tungsten PhosphorusCarve Her Name with Pride
9.3%
Astatine PhosphorusAcross the Pacific
9.3%
Terbium ArgonThe Bridge at Remagen
7.4%
Remove Ads.
Support Sporcle.
Get the best of Sporcle when you Go Orange. This ad-free experience offers more features, more stats, and more fun while also helping to support Sporcle. Thank you for becoming a member.

You're not logged in!

Compare scores with friends on all Sporcle quizzes.
OR
Log In

Show Comments

Extras

Top Quizzes Today


Score Distribution

Your Account Isn't Verified!

In order to create a playlist on Sporcle, you need to verify the email address you used during registration. Go to your Sporcle Settings to finish the process.

Report this User

Report this user for behavior that violates our Community Guidelines.

Details: